000 00403nam a22001217a 4500
082 _a200 THE
100 _aMuhammad Qasim Altaf
_970136
245 _aTH-SOF-1271-Development of a Robust Algorithm to Detect Multi-Cloning (Copy-Move) Forgeries
260 _aIslamabad
_bNUST College of EME
_c2016
650 _a MS-MTS-74 MSTHESIS
_970045
700 _aSupervisor Dr. Javaid Iqbal
_969684
942 _cCF
999 _c577166
_d577166